<?xml version="1.0" encoding="UTF-8"?>
<record
    xmlns:xsi="http://www.w3.org/2001/XMLSchema-instance"
    xsi:schemaLocation="http://www.loc.gov/MARC21/slim http://www.loc.gov/standards/marcxml/schema/MARC21slim.xsd"
    xmlns="http://www.loc.gov/MARC21/slim">

  <leader>00988nam a22002537a 4500</leader>
  <datafield tag="010" ind1=" " ind2=" ">
    <subfield code="a">A-824757</subfield>
  </datafield>
  <datafield tag="020" ind1=" " ind2=" ">
    <subfield code="a">812370920</subfield>
    <subfield code="c">64.00</subfield>
  </datafield>
  <datafield tag="035" ind1=" " ind2=" ">
    <subfield code="a">A-824757</subfield>
  </datafield>
  <datafield tag="037" ind1=" " ind2=" ">
    <subfield code="a">Cen Lib / Ret</subfield>
  </datafield>
  <datafield tag="040" ind1=" " ind2=" ">
    <subfield code="a">DPL</subfield>
    <subfield code="b">PN</subfield>
  </datafield>
  <datafield tag="082" ind1=" " ind2=" ">
    <subfield code="a">260.1</subfield>
    <subfield code="b">&#xA38;&#xA3F;&#xA70;&#xA17;&#xA32;</subfield>
  </datafield>
  <datafield tag="245" ind1=" " ind2=" ">
    <subfield code="a">&#xA2D;&#xA17;&#xA24;&#xA3E;&#xA02; &#xA26;&#xA40; &#xA2C;&#xA3E;&#xA23;&#xA40; /</subfield>
    <subfield code="b"> &#xA38;&#xA70;&#xA2A;&#xA3E;&#xA26;&#xA15; &#xA27;&#xA30;&#xA2E;&#xA2A;&#xA3E;&#xA32; &#xA38;&#xA3F;&#xA70;&#xA17;&#xA32;</subfield>
  </datafield>
  <datafield tag="246" ind1=" " ind2=" ">
    <subfield code="a">Bhakta di vani /</subfield>
    <subfield code="b">edited by Dharmpal Singhal </subfield>
  </datafield>
  <datafield tag="260" ind1=" " ind2=" ">
    <subfield code="a"> &#xA07;&#xA70;&#xA21;&#xA40;&#xA06;  </subfield>
    <subfield code="b">&#xA28;&#xA48;&#xA38;&#xA3C;&#xA28;&#xA32;&#xA3C; &#xA2C;&#xA42;&#xA15; &#xA1F;&#xA30;&#xA71;&#xA38;&#xA1F;</subfield>
    <subfield code="c">1994</subfield>
  </datafield>
  <datafield tag="270" ind1=" " ind2=" ">
    <subfield code="a">&#xA0F;-5, &#xA17;&#xA30;&#xA40;&#xA28; &#xA2A;&#xA3E;&#xA30;&#xA15;, </subfield>
    <subfield code="b">&#xA28;&#xA35;&#xA40;&#xA02;  &#xA26;&#xA3F;&#xA71;&#xA32;&#xA40;</subfield>
    <subfield code="e">110016</subfield>
  </datafield>
  <datafield tag="300" ind1=" " ind2=" ">
    <subfield code="a">340p ; </subfield>
    <subfield code="b">24cm</subfield>
  </datafield>
  <datafield tag="490" ind1=" " ind2=" ">
    <subfield code="a">&#xA15;&#xA32;&#xA3E;&#xA38;&#xA15;&#xA40; &#xA38;&#xA3E;&#xA39;&#xA3F;&#xA24; &#xA2A;&#xA41;&#xA38;&#xA24;&#xA15; &#xA32;&#xA5C;&#xA40;</subfield>
  </datafield>
  <datafield tag="650" ind1=" " ind2=" ">
    <subfield code="a">&#xA38;&#xA3F;&#xA71;&#xA16; &#xA2C;&#xA3E;&#xA23;&#xA40;.</subfield>
    <subfield code="9">1541</subfield>
  </datafield>
  <datafield tag="650" ind1=" " ind2=" ">
    <subfield code="a">Sikh hymns.</subfield>
    <subfield code="9">73509</subfield>
  </datafield>
  <datafield tag="650" ind1=" " ind2=" ">
    <subfield code="a">&#xA38;&#xA3F;&#xA71;&#xA16; &#xA27;&#xA30;&#xA2E;</subfield>
    <subfield code="9">1488</subfield>
  </datafield>
  <datafield tag="650" ind1=" " ind2=" ">
    <subfield code="a">Sikh religion</subfield>
    <subfield code="9">79271</subfield>
  </datafield>
  <datafield tag="700" ind1=" " ind2=" ">
    <subfield code="a">&#xA38;&#xA3F;&#xA70;&#xA17;&#xA32;, &#xA27;&#xA30;&#xA2E;&#xA2A;&#xA3E;&#xA32; </subfield>
    <subfield code="9">135265</subfield>
  </datafield>
  <datafield tag="942" ind1=" " ind2=" ">
    <subfield code="2">ddc</subfield>
    <subfield code="c">PN</subfield>
    <subfield code="h">260.1</subfield>
    <subfield code="m">&#xA38;&#xA3F;&#xA70;&#xA17;&#xA32;</subfield>
  </datafield>
  <datafield tag="999" ind1=" " ind2=" ">
    <subfield code="c">111163</subfield>
    <subfield code="d">111163</subfield>
  </datafield>
  <datafield tag="952" ind1=" " ind2=" ">
    <subfield code="0">0</subfield>
    <subfield code="1">0</subfield>
    <subfield code="4">0</subfield>
    <subfield code="7">0</subfield>
    <subfield code="a">L</subfield>
    <subfield code="b">L</subfield>
    <subfield code="d">2016-02-15</subfield>
    <subfield code="e">Cen Lib/Ret</subfield>
    <subfield code="g">64.00</subfield>
    <subfield code="l">0</subfield>
    <subfield code="o">260.1 &#xA38;&#xA3F;&#xA70;&#xA17;&#xA32;</subfield>
    <subfield code="p">A-824757</subfield>
    <subfield code="r">2016-02-15 00:00:00</subfield>
    <subfield code="t">1</subfield>
    <subfield code="v">64.00</subfield>
    <subfield code="w">2016-02-15</subfield>
    <subfield code="y">PN</subfield>
  </datafield>
</record>
